000
00266nam a2200109Ia 4500
005
20251222114338.0
008
251222s1900||||xx |||||||||||||| ||spa||
082
_a
DVD0080/H41/2000
245
0
_a
Aguirre, la cólera de Dios
264
_b
Hessischer Rundfunk
942
_c
DVD
999
_c
757
_d
757